Representación de Don Juan Tenorio por el carro de las meretrices ambulantes / (Record no. 127345)

MARC details
000 -LEADER
campo de control de longitud fija 01172nam a2200289 4500
001 - NÚMERO DE CONTROL
campo de control 127345
003 - IDENTIFICADOR DE NÚMERO DE CONTROL
campo de control ES-MaACL
005 - FECHA Y HORA DE LA ÚLTIMA TRANSACCIÓN
campo de control 20250824065258.0
007 - CAMPO FIJO DE DESCRIPCIÓN FÍSICA--INFORMACIÓN GENERAL
campo de control de longitud fija t|
008 - DATOS DE LONGITUD FIJA--INFORMACIÓN GENERAL
campo de control de longitud fija 070214s1973 sp r ||||1| spa d
020 ## - NÚMERO INTERNACIONAL ESTÁNDAR DEL LIBRO
Número Internacional Estándar del Libro 84-229-2037-9
100 1# - ENTRADA PRINCIPAL--NOMBRE DE PERSONA
Nombre de persona Riaza, Luis
9 (RLIN) 96690
245 10 - MENCIÓN DEL TÍTULO
Título Representación de Don Juan Tenorio por el carro de las meretrices ambulantes /
Mención de responsabilidad, etc. Luis Riaza .
Resto del título Teatro furioso / Francisco Nieva . Judith contra Holofernes / Juan Antonio Hormigón.
246 3# - FORMA VARIANTE DEL TITULO
Título propio/Titulo breve Teatro furioso
246 3# - FORMA VARIANTE DEL TITULO
Título propio/Titulo breve Judith contra Holofernes
260 ## - PUBLICACIÓN, DISTRIBUCIÓN, ETC.
Lugar de publicación, distribución, etc. Madrid :
Nombre del editor, distribuidor, etc. Cuadernos para el Diálogo,
Fecha de publicación, distribución, etc. 1973.
300 ## - DESCRIPCIÓN FÍSICA
Extensión 367 p. ;
Dimensiones 18 cm.
490 1# - MENCIÓN DE SERIE
Mención de serie Libros de teatro ;
Designación de volumen o secuencia 37
505 8# - NOTA DE CONTENIDO CON FORMATO
Nota de contenido con formato Teatro furioso, de Francisco Nieva, contiene: La carroza de plomo candente; El combate de Opalos y Tasia; Es bueno no tener cabeza; El fandango asombroso
650 #4 - PUNTO DE ACCESO ADICIONAL DE MATERIA--TÉRMINO DE MATERIA
Término de materia o nombre geográfico como elemento de entrada Teatro español-
Subdivisión cronológica S.XX.
9 (RLIN) 17356
700 1# - ENTRADA AGREGADA--NOMBRE PERSONAL
Nombre de persona Nieva, Francisco.
9 (RLIN) 85727
700 1# - ENTRADA AGREGADA--NOMBRE PERSONAL
Nombre de persona Hormigón, Juan Antonio.
9 (RLIN) 64204
710 2# - ENTRADA AGREGADA--NOMBRE DE ENTIDAD CORPORATIVA
Nombre de entidad corporativa o nombre de jurisdicción como elemento de entrada Cuadernos para el Diálogo.
9 (RLIN) 3333
830 10 - PUNTO DE ACCESO ADICIONAL DE SERIE-TÍTULO UNIFORME
Título uniforme Libros de teatro (Cuadernos para el Diálogo)
Designación de volumen o secuencia 37
9 (RLIN) 180757
852 ## - LOCALIZACIÓN
Ubicación ES-MaACL
Número de control de estantería C-54289
Holdings
Estatus retirado Estado de pérdida Estado de daño No para préstamo Biblioteca de origen Biblioteca actual Ubicación en estantería Fecha de adquisición Fuente de adquisición Total de préstamos Signatura topográfica completa Código de barras Visto por última vez Precio de reemplazo Tipo de ítem Koha
        Biblioteca del Ateneo de Madrid Biblioteca del Ateneo de Madrid Depósito 2 17/01/2008     C-54289 1132637 23/02/2023 23/02/2023 Libro impreso